|
|
|
|
| LEADER |
00000cam a2200000 7i4500 |
| 001 |
0000009379 |
| 005 |
20071009093000.0 |
| 008 |
021119s1986 |
| 020 |
|
|
|a 967690077X
|
| 090 |
0 |
0 |
|a BP80.A8
|b A3315
|
| 100 |
0 |
|
|a Asad, Muhammad ,
|d 1900-1992 ,
|e author
|
| 240 |
0 |
4 |
|a The road to Mecca
|l Bahasa Malaysia
|
| 245 |
0 |
0 |
|a Jalan ke Makkah
|c Muhammad Asad
|f penerjemah Fuad Hasham
|
| 260 |
2 |
|
|a Johore Bharu :
|b Thinker's Library ,
|c 1986
|
| 300 |
|
|
|a 440 ms. ;
|c 21 sm.
|
| 501 |
|
|
|a Terjemahan: The road to Mecca
|
| 651 |
|
0 |
|a Saudi Arabia
|x Description and travel
|
| 999 |
|
|
|a 1000007701
|b Book
|c OPEN SHELF (30 DAYS)
|e Gong Badak Campus
|
| 999 |
|
|
|a 1000007702
|b Book
|c OPEN SHELF (30 DAYS)
|e Gong Badak Campus
|